Instrumento público electrónico / (Record no. 139942)
[ view plain ]
| 000 -LEADER | |
|---|---|
| fixed length control field | 00792cam a2200217 4500 |
| 008 - FIXED-LENGTH DATA ELEMENTS--GENERAL INFORMATION | |
| fixed length control field | 031009s2000 sp 000 0 spa u |
| 020 ## - INTERNATIONAL STANDARD BOOK NUMBER | |
| International Standard Book Number | 8476766157 |
| 050 04 - LIBRARY OF CONGRESS CALL NUMBER | |
| Classification number | KJD875 |
| Item number | G34 2000. |
| 100 1# - MAIN ENTRY--PERSONAL NAME | |
| Personal name | Gaete González, Eugenio Alberto. |
| 245 10 - TITLE STATEMENT | |
| Title | Instrumento público electrónico / |
| Statement of responsibility, etc | Eugenio Alberto Gaete González. |
| 250 ## - EDITION STATEMENT | |
| Edition statement | 1a ed. |
| 260 ## - PUBLICATION, DISTRIBUTION, ETC. (IMPRINT) | |
| Place of publication, distribution, etc | España : |
| Name of publisher, distributor, etc | Bosch, |
| Date of publication, distribution, etc | 2000. |
| 300 ## - PHYSICAL DESCRIPTION | |
| Extent | 532 páginas ; |
| Dimensions | 22 cm. |
| 500 ## - GENERAL NOTE | |
| General note | Recursos de la Dirección General de Bibliotecas. |
| 504 ## - BIBLIOGRAPHY, ETC. NOTE | |
| Bibliography, etc | Bibliografía : páginas 499-525. |
| 504 ## - BIBLIOGRAPHY, ETC. NOTE | |
| Bibliography, etc | Incluye índice |
| 650 10 - SUBJECT ADDED ENTRY--TOPICAL TERM | |
| Topical term or geographic name as entry element | Telecomunicación |
| General subdivision | Leyes y legislación |
| Geographic subdivision | España. |
| 650 20 - SUBJECT ADDED ENTRY--TOPICAL TERM | |
| Topical term or geographic name as entry element | Comercio electrónico |
| General subdivision | Leyes y legislación |
| Geographic subdivision | España. |
| 650 30 - SUBJECT ADDED ENTRY--TOPICAL TERM | |
| Topical term or geographic name as entry element | Proteccion de datos |
| General subdivision | Leyes y legislación |
| Geographic subdivision | España. |
| 942 ## - ADDED ENTRY ELEMENTS (KOHA) | |
| Source of classification or shelving scheme | Biblioteca del Cogreso de los Estados Unidos |
| Koha item type | Libro |
| Estado de pérdida | Fuente de clasificación | Estado del daño | No para préstamo | Ubicación permanente | Ubicación actual | Apartado o colección | Fecha de adquisición | Edición | Dependencia de educación superior (DES) | Área del conocimiento | Total Checkouts | Clasificación | Código de Barras | Date last seen | Número de copia | Costo por reposición | Tipo de recurso |
|---|---|---|---|---|---|---|---|---|---|---|---|---|---|---|---|---|---|
| Biblioteca del Cogreso de los Estados Unidos | Biblioteca de la Facultad de Derecho y Ciencias Sociales "Felipe J. Tena" | Biblioteca de la Facultad de Derecho y Ciencias Sociales "Felipe J. Tena" | General | 09/11/2021 | 1a ed. | Derecho | Ciencias Sociales y Administrativas | KJD875 G34 2000 | BFD000012802 | 09/11/2021 | 1 | 1.00 | Libro |